000 00985nam a22002537a 4500
001 82301
003 BD-RjUL
005 20231207105133.0
008 231115s2019 bg a|||| m||| 00| 0 eng d
035 _a(BD-RjUL)82301
040 _aBD-RjUL
_beng
_cBD-RjUL
_dBD-RjUL
041 _aeng
082 _223
_a514.3
_bISL 2019
100 _aIslam, Md. Saiful
245 1 0 _aLevel separation on intuitionistic fuzzy topological spaces /
_cSubmitted By Md. Saiful Islam ;
_6Supervisor : Md. Sahadat Hossain, Co-Supervisor : Md. Asaduzzaman
260 _aRajshahi :
_bDepartment of Mathematics, University of Rajshahi,
_c2019
300 _axiv, 146 leaves :
_bill, ;
_c29.cm.
502 _aThesis (Ph. D.) -- Department of Mathematics, University of Rajshahi, 2019
504 _aBibliography : Leaves 129 - 146
650 _aTopological spaces
_vTopology
_910075
700 _aHossain, Md. Sahadat, Supervisor
_93674
700 _aAsaduzzaman, Md. Co-Supervisor
_910076
942 _2ddc
_cTHE
999 _c82301
_d82301